Αστικός κώδικας και εισαγωγικός νόμος

Αποθηκεύτηκε σε:
Λεπτομέρειες βιβλιογραφικής εγγραφής
Άλλοι συγγραφείς: Κουδρόγλου, Αντώνιος Γ. (Επιμελητής έκδοσης)
Μορφή: Βιβλίο
Γλώσσα:Greek
Δημοσίευση: Αθήνα ; Θεσσαλονίκη : Σάκκουλας, 1999.
Σειρά:Σύγχρονη νομοθεσία
Θέματα:
Ετικέτες: Προσθήκη ετικέτας
Δεν υπάρχουν, Καταχωρήστε ετικέτα πρώτοι!

MARC

LEADER 00000cam a2200000 a 4500
001 1/120051
008 191007t1999####gr | ||| |||| ||gre||
020 |a 9603014435   |q (χαρτόδετο)  
040 |a GR-MyUa  |b gre  |c GR-MyUa  |e AACR2 
041 0 |a gre 
082 7 |a 346.0026   |2 (23)  
245 0 |a Αστικός κώδικας και εισαγωγικός νόμος /   |c επιμέλεια Αντώνιος Γ. Κουδρόγλου.  
260 |a Αθήνα ;   |a Θεσσαλονίκη :   |b Σάκκουλας,   |c 1999.  
300 |a xvi, 493 σ. ;   |c 17 εκ.  
650 0 |a Civil law  |x Codification. 
650 0 |a Civil law  |z Greece. 
700 1 |a Κουδρόγλου, Αντώνιος Γ.  |e edt 
830 0 |a Σύγχρονη νομοθεσία 
852 |a INST  |b CHIOS  |e 20191007  |h 346.0026 ΑΣΤ  |p 005200040116  |q 005200040116  |t BK  |y 0 
970 |a Σπέντζα  |b Ελένη  |z 07-10-2019